000 00513nam a2200205Ia 4500
001 7036
003 GE_BSU
008 181216s||||||||xx |||||||||||||| ||und||
040 _cGE_BSU
080 _a593.3
100 _aАмензаде,Ю.А.
245 _aТеория упругости
245 _cред.К.И. Аношина
260 _aМосква
260 _bВысшая школа
260 _c1976
300 _a272стр.22см.
653 _aТеория упругости
942 _cBK
999 _c40427
_d40427